000 00479cam a22001337a 4500
008 180718b1960 xxu||||| |||| 00| 0 eng d
082 _aB67x5413 B489
100 _aBihar. District Board Reorganisation Committee
245 _aReport of the Committee Constituted by the State Government to Consider the Future Set-up of District Boards in Bihar
260 _aPatna
_bThe author
_c1960
300 _a52p.
500 _aChairman: Maqbool Ahmad
700 _aAhmad, Maqbool (Chairman)
999 _c488752
_d488752